000 00291nam a22001337a 4500
008 170504b xxu||||| |||| 00| 0 eng d
020 _a9780205293919
041 _aeng
080 _a343.9
100 _a15
101 _aSHJ
245 _aCRIMINAL JUSTICE
_cALBANESE, J.S
942 _2udc
_cBK
999 _c12723
_d12723